00675cam a2200193 a 450000100100000000500170001000800410002702000150006802000150008304000230009808200190012110000270014024500900016726000680025730000330032550400340035865100360039265000530042800000132220200929145536.0711015s1971 onca b 001 0 eng  a0802052525 a0802000355 aDO-SdBNPcDLCdDLC a320.971bA425s1 aAllen, Richard,d1929-14aThe social passion :breligion and social reform in Canada, 1914-28 /cRichard Allen. aToronto, Ontario, Canada :bUniversity of Toronto Press,c1971. axxv, 385 p. :bil. ;c26 cm. aBibliografía: p. [357]-364. 4aCanadáxCondiciones Sociales. 4aIglesia y problemas socialeszCanadáxHistoria